000 00459nam a2200169Ia 4500
001 14576
003 GE_BSU
008 181216s||||||||xx |||||||||||||| ||und||
040 _cGE_BSU
245 _aПсихология обучения. №12. 2014. Декабрь
245 _cГл.ред.Бархаев Б.П.
260 _aМосква
260 _c2014
300 _a161стр.24см.
653 _aПсихология обучения.
942 _cCR
999 _c47705
_d47705